00695nam a22002057a 450000500170000001000150001702000270003203500140005903700130007308200140008624501570010026000450025727000660030230000260036850000230039470000150041770000160043270000240044870000170047220181229110321.0 aENG-124609 a9780199487837c1195.00 aEN-108141 bDBAD/PUB a305.50954 aThe Empire of Disgust:ced. by Zoya Hasan; Aziz Z. Huq; Martha C. Nussbaum [and] Vidhu Vermabprejudice, discrimination, and policy in india and the US/ aNew DelhibOxford University Pressc2018 bNew Delhie110002a2/11 Ground Floor, Ansari Road, Daryaganj, axxvi,408p.c22cm.(Hb) aIt includes index  aZoya Hasan aAziz Z. Huq aMartha C. Nussbaum  a Verma,Vidhu